| 000 | 00484nam a2200169Ia 4500 | ||
|---|---|---|---|
| 003 | SGT | ||
| 020 | _a9788126525065 | ||
| 082 |
_a658.5620152 _bMON |
||
| 100 | _aMontgomery,Douglas C | ||
| 245 | _aStatistical quality control | ||
| 250 | _a6th Ed. | ||
| 260 |
_bWiley India Pvt. Ltd. _aN.Delhi _c2012 |
||
| 300 | _a734p. | ||
| 650 | _aMECHANICAL ENGINEERING (MANAGEMENT) | ||
| 653 | _aMODERN QUALITY MANAGEMENT AND IMPROVEMENT, THE DMAIC PROBLEM SOLVING PROCESS, | ||
| 942 |
_2ddc _cBK |
||
| 999 |
_c5616 _d5616 |
||